000 00346nam a2200157Ia 4500
100 _aGroff/James/ Weinberg
650 _aSQL
942 _cBK
366 _f20
654 _aSQL
245 _aSQL:The Complete Reference
260 _bTata Mc Graw hill Ltd.
_aNew Delhi
_c2003
082 _a005.133/GRO
_bGRO
546 _aENGLISH
999 _c31908
_d31908